000
00222nam a22000977a 4500
003
SGT
245
_a
inventi impact information security journal
_b
2019
260
_b
Springer publisher
_c
2019
300
_a
400
942
_2
ddc
_c
BV
999
_c
29123
_d
29123